000 00334nas a22001337a 4500
999 _c22670
_d22670
003 VITAP
005 20181119120512.0
008 181029b ||||| |||| 00| 0 eng d
022 _a0250-4707
040 _cVITAP
245 _aBulletin of Material Science
260 _aBengaluru
_bIndian Academy of Sciences
942 _2ddc
_cJOURNAL
_s1